logo

Bir Sreshtho Munshi Abdur Rouf Library
Jhenaidah Cadet College

Optics / (Record no. 10418)

MARC details
000 -LEADER
fixed length control field 01185nam a2200421 a 4500
001 - CONTROL NUMBER
JCCL Control Number 10418
003 - CONTROL NUMBER IDENTIFIER
JCCL marc code BD-JhCC
005 - DATE AND TIME OF LATEST TRANSACTION
control field 20180425183752.0
008 - FIXED-LENGTH DATA ELEMENTS--GENERAL INFORMATION
fixed length control field 180425s2012 ii a g b 001 0 eng d
020 ## - INTERNATIONAL STANDARD BOOK NUMBER
International Standard Book Number 9788131718070
020 ## - INTERNATIONAL STANDARD BOOK NUMBER
International Standard Book Number 8131718077
035 ## - SYSTEM CONTROL NUMBER
system control number (BD-JhCC)10418
040 ## - CATALOGING SOURCE
Original cataloging agency BD-JhCC
Description conventions rda
Transcribing agency PKFCC
Modifying agency BD-JhCC
-- OCLCF
-- OCLCQ
-- UkOxU
041 ## - LANGUAGE CODE
Language code of Book eng
050 00 - LIBRARY OF CONGRESS CALL NUMBER
Classification number QC355.3
Item number .H43 2002
082 ## - DEWEY DECIMAL CLASSIFICATION NUMBER
Classification number 535
Author mark and Year HEC 2013
100 1# - MAIN ENTRY--PERSONAL NAME
Personal name Hecht, Eugene.
245 10 - TITLE STATEMENT
Title Optics /
Statement of responsibility, etc by Eugene Hecht and A.R. Ganesan.
250 ## - EDITION STATEMENT
Edition statement 4th ed.
300 ## - PHYSICAL DESCRIPTION
Pagination vi, 650 pages :
Other physical details illustrations ;
Dimensions 24 cm.
504 ## - BIBLIOGRAPHY, ETC. NOTE
Bibliography, etc Includes bibliographical references (pages 685-688) and index.
650 #0 - SUBJECT ADDED ENTRY--TOPICAL TERM
Topical term or geographic name as entry element Physics.
650 #0 - SUBJECT ADDED ENTRY--TOPICAL TERM
Topical term or geographic name as entry element Optics.
650 #0 - SUBJECT ADDED ENTRY--TOPICAL TERM
Topical term or geographic name as entry element Quantum optics.
650 #0 - SUBJECT ADDED ENTRY--TOPICAL TERM
Topical term or geographic name as entry element Light.
650 #0 - SUBJECT ADDED ENTRY--TOPICAL TERM
Topical term or geographic name as entry element Physical optics.
650 #0 - SUBJECT ADDED ENTRY--TOPICAL TERM
Topical term or geographic name as entry element Optics
General subdivision Industrial applications.
650 #0 - SUBJECT ADDED ENTRY--TOPICAL TERM
Topical term or geographic name as entry element Radiation.
650 #7 - SUBJECT ADDED ENTRY--TOPICAL TERM
Topical term or geographic name as entry element Light.
650 #7 - SUBJECT ADDED ENTRY--TOPICAL TERM
Topical term or geographic name as entry element Optics.
650 #7 - SUBJECT ADDED ENTRY--TOPICAL TERM
Topical term or geographic name as entry element Optics
General subdivision Industrial applications.
650 #7 - SUBJECT ADDED ENTRY--TOPICAL TERM
Topical term or geographic name as entry element Physical optics.
650 #7 - SUBJECT ADDED ENTRY--TOPICAL TERM
Topical term or geographic name as entry element Physics.
650 #7 - SUBJECT ADDED ENTRY--TOPICAL TERM
Topical term or geographic name as entry element Quantum optics.
650 #7 - SUBJECT ADDED ENTRY--TOPICAL TERM
Topical term or geographic name as entry element Radiation.
942 ## - ADDED ENTRY ELEMENTS (KOHA)
Source of classification or shelving scheme Dewey Decimal Classification
Koha item type Books
Holdings
Source of classification or shelving scheme Damaged status Not for loan Home library Current library Shelving location Total Checkouts Full call number Barcode Date last seen Copy number Koha item type Date of accession Date checked out
Dewey Decimal Classification     JCC Rouf Library JCC Rouf Library General Stacks   535 HEC 2013 13732 04/25/2018 C-1 Books    
Dewey Decimal Classification     JCC Rouf Library JCC Rouf Library General Stacks 1 535 HEC 2013 13731 11/03/2024 C-2 Books 10/28/2024 10/28/2024

JCC Library | Contacts | JCC Home

Last Update on 23 September 2017
Copyright @ 2017-2020 JCC Rouf Library
Rouf Library, Jhenidah Cadet College (JCC), Bangladesh